000 00918cam a2200301 i 4500
001 000019699
003 DO-SdBNP
005 20230503112950.0
007 ta
008 831220s1958 sp 000 0 spa
040 _aDO-SdBNP
_bspa
_cBNPHU
_erda
049 _aBNGR
082 4 _a861.3
_b1958
_222
240 1 0 _aSegundo tomo del ingenioso hidalgo Don Quixote de la Mancha
245 1 3 _aEl Quijote /
_cAlonso Fernández de Avellaneda.
250 _a3a. ed.
264 _aMadrid :
_bEspasa-Calpe,
_c1958-
300 _a313 páginas ;
_c18 cm.
336 _2rdacontent
_atexto
_btxt
337 _2rdamedia
_asin mediación
_bn
338 _2rdacarrier
_avolumen
_bnc
490 1 _aAustral. Gris : clásicos ;
_v603
500 _aIncluye índice de autores.
650 4 _aNovela española
_91123
650 4 _aLiteratura española
_9632
830 0 _aAustral. Gris : clásicos ;
_n603
_942146
942 _2ddc
_cLBS1
999 _c19214
_d19214